000
00285 a2200121 4500
001
89972
082
_a
891.4391 AYU
090
_c
42433
_d
42433
100
_a
Ayub Khawar
245
_a
Gul-e-Mausam-e-Khizan
_h
Urdu
260
_a
Lahore
_b
Alhamd Publications
_c
2010
300
_a
224p.
942
_a
CAE NUST
_k
891.4391 AYU
999
_c
325045
_d
325045